000 00692nam a2200253#a 4500
001 00691
003 HDC
007 ta
008 230623s2008 xx 000 0 eng d
020 _a16752465 (pbk.)
040 _aHDC
050 _aTM BP 184.9
_b.H35 2008
245 0 _aHalal pages 2008/2009
264 _aKuala Lumpur :
_bTelekom Publications,
_c2008
300 _a112p. :
_b col. ill. ;
_c 28 cm.
650 _aConsumer protection
_zMalaysia
_vPeriodicals
650 _aFood industry and trade
_zMalaysia
_vPeriodicals
650 _aFood
_xReligious aspects
_vPeriodicals
700 _aTM Company
942 _2lcc
942 _cBK
942 _kTM BP 184.9
942 _m.H35 2008
999 _c22306
_d22306